Statistics for Hindu Holy Rivers

Click here to take the quiz!

General Stats

  • This quiz has been taken 148 times
  • The average score is 4 of 7

Answer Stats

Answer% Correct
Ganges
99%
Yamuna
73%
Indus
63%
Kaveri
53%
Narmada
50%
Sarasvati
50%
Godvani
0%

Score Distribution

Percentile by Number Answered

Percent of People with Each Score

Your Score History

You have not taken this quiz